Vista normal
Vista MARC
Entrada Materia (tema)
Número de registros utilizados en: 1
001 - CONTROL NUMBER
- control field: 39155
003 - CONTROL NUMBER IDENTIFIER
- control field: Co-BoUCM
005 - DATE AND TIME OF LATEST TRANSACTION
- control field: 20130613131401.0
008 - FIXED-LENGTH DATA ELEMENTS
- fixed length control field: 130613|| aca||aabn | a|a d
040 ## - CATALOGING SOURCE
- Original cataloging agency: Co-BoUCM
- Transcribing agency: Co-BoUCM
150 ## - HEADING--TOPICAL TERM
- Topical term or geographic name as entry element: Conficto de leyes
670 ## - SOURCE DATA FOUND
- Source citation: Work cat.: (Co-BoUCM)0: Savigny, Friedrich Karl von 1779-1861 39152, Sistema del derecho romano actual, 1878-1879